00345nam a2200121Ia 4500008004100000100004100041245006300082260002600145300000900171650001900180942000700199999001700206190216s9999||||xx |||||||||||||| ||und|| aFisher Samuelson & Reninger Vaid 3aAn Anthology American Literature Of The Nineteenth Century bEurasia Pub-Ltdc1964 a546p aEnglish Poetry cBK c12909d12909